Educacion argentina /
Guardado en:
| Autor Principal: | |
|---|---|
| Formato: | Libro |
| Publicado: |
Tandil :
U.n.del Centro De La Pcia.b.a., Fac. De Humanidades,
1987
|
| Materias: | |
| Etiquetas: |
Agregar Etiqueta
Sin Etiquetas, Sea el primero en etiquetar este registro!
|
| LEADER | 00497nam a22001575a 4500 | ||
|---|---|---|---|
| 001 | EHU.bham003213 | ||
| 003 | AR-BHAM | ||
| 005 | 20070417164200.0 | ||
| 008 | 130507s1987##################000#0#####d | ||
| 082 | 3 | 7 | |a 370.982 |
| 100 | 1 | |a Dipaola, Nestor M. | |
| 245 | 1 | 0 | |a Educacion argentina / |c Nestor M. Dipaola. |
| 260 | |a Tandil : |b U.n.del Centro De La Pcia.b.a., Fac. De Humanidades, |c 1987 | ||
| 300 | |a 197 p. | ||
| 653 | |a Educacion-argentina | ||
| 859 | |a AR-BHAM |b BIB. HUMANIDADES - General |h 370.982 |i D625 |p 120.88 |t Ej.1 | ||
